Factories and Machinery Act 1967 (Act 139) & regulations and rules : as at 1st april 2003

Bibliographic Details
Corporate Authors: Malaysia, Lembaga Penyelidikan Undang-Undang
Format: Book
Published: Kuala Lumpur : International Law Book Services , 2003
Series:Laws of Malaysia
Subjects:

MARC

LEADER 00000cam a2200000 7i4500
001 0000003308
005 20050823.0
020 0 0 |a 9678910411 
090 0 0 |a 344.5950465   |b MAL 
110 1 0 |a Malaysia 
245 1 0 |a Factories and Machinery Act 1967 (Act 139) & regulations and rules :   |b as at 1st april 2003   |c compiled by Legal Research Board 
260 0 0 |a Kuala Lumpur :   |b International Law Book Services ,   |c 2003 
300 |a iii, 381p. :   |b ill. ;   |c 24cm. 
440 0 0 |a Laws of Malaysia 
650 0 0 |a Factory laws and legislation   |z Malaysia 
650 0 0 |a Machinery   |x Safety regulations   |z Malaysia 
710 2 1 |a Lembaga Penyelidikan Undang-Undang 
740 0 2 |a Factories and Machinery Act 1967 (Act 139) and regulations and rules 
999 |a 0000005179   |b Monograph   |c Acts   |e Default branch